| 000 | 00568nam a2200193 i 4500 | ||
|---|---|---|---|
| 001 | 36125 | ||
| 003 | ES-MaACL | ||
| 007 | t| | ||
| 008 | 030217s1952 sp ||||1| spa d | ||
| 100 | 1 |
_aBromfield, Louis. _931885 |
|
| 245 | 1 | 0 |
_aColorado _b: novela / _cLouis Bromfield ; [traducción del inglés por R. Calvo Gómez]. |
| 260 |
_aBarcelona : _b[s.n., _c1952] ( _fImp. Emporium) |
||
| 300 |
_a303 p. ; _c19 cm. |
||
| 490 | 1 | _aGoliat | |
| 700 | 1 |
_aCalvo Gómez, R. _933884 |
|
| 830 | 0 |
_aGoliat _9181396 |
|
| 852 |
_aES-MaACL _jC-6076 _bR.34093 |
||
| 999 |
_c36125 _d36125 |
||